| 000 | 00734pam a2200265 a 4500 | ||
|---|---|---|---|
| 001 | 15083 | ||
| 003 | BD-RjUL | ||
| 005 | 20211208235739.0 | ||
| 008 | 140209s1982 nyu 001 0 eng | ||
| 020 | _a007038746X : | ||
| 035 | _a(BD-RjUL)15137 | ||
| 040 |
_aDLC _cDLC _dDLC _dBD-RjUL _beng |
||
| 041 | _aeng | ||
| 082 | 0 | 0 |
_a658.15244 _223 _bLOC 1982 |
| 100 | 1 |
_aLoscalzo, William. _946952 |
|
| 245 | 1 | 0 |
_aCash flow forecasting / _cWilliam Loscalzo. |
| 260 |
_aNew York : _bMcGraw-Hill, _cc1982. |
||
| 300 |
_avii, 183 p. ; _c24 cm. |
||
| 504 | _aIncludes index. | ||
| 650 | 0 |
_aCash flow _xForecasting. _946953 |
|
| 650 | 0 |
_aCash management. _946954 |
|
| 942 |
_2ddc _cBK |
||
| 999 |
_c15083 _d15083 |
||